Szerencsejáték-használati zavar és alkoholhasználat-zavar - hasonlóságok és különbségek

Elmentve itt :
Bibliográfiai részletek
Szerzők: Andó Bálint
Kovács Ildikó
Janka Zoltán
Demetrovics Zsolt
Dokumentumtípus: Cikk
Megjelent: Magyar Pszichiátriai Társaság 2016
Sorozat:Psychiatria Hungarica 31 No. 2
mtmt:3103094
Online Access:http://publicatio.bibl.u-szeged.hu/9598
LEADER 00992nab a2200229 i 4500
001 publ9598
005 20200108151134.0
008 160909s2016 hu o 0|| zxx d
022 |a 0237-7896 
024 7 |a 3103094  |2 mtmt 
040 |a SZTE Publicatio Repozitórium  |b hun 
041 |a zxx 
100 1 |a Andó Bálint 
245 1 0 |a Szerencsejáték-használati zavar és alkoholhasználat-zavar - hasonlóságok és különbségek  |h [elektronikus dokumentum] /  |c  Andó Bálint 
260 |a Magyar Pszichiátriai Társaság  |c 2016 
300 |a 169-175 
490 0 |a Psychiatria Hungarica  |v 31 No. 2 
700 0 1 |a Kovács Ildikó  |e aut 
700 0 1 |a Janka Zoltán  |e aut 
700 0 1 |a Demetrovics Zsolt  |e aut 
856 4 0 |u http://publicatio.bibl.u-szeged.hu/9598/7/3103094.pdf  |z Dokumentum-elérés  
856 4 0 |u http://publicatio.bibl.u-szeged.hu/9598/13/AndoKovacsJankaDemetrovics-SzerencsejatekHasznalatiZavarEsAlkoholHasznalatZavarHasonlosagokEsKulonbsegek-PsychiatriaHungarica-2016.pdf  |z Dokumentum-elérés